[Event "40th World Junior Girls"]
[Site "Gandhinagar IND"]
[Date "2024.06.06"]
[Round "5.12"]
[White "Sneha Halder"]
[Black "Zhurova, Anna"]
[Result "0-1"]
[BlackTitle "WFM"]
[WhiteElo "1958"]
[BlackElo "2239"]
[WhiteFideId "25693263"]
[BlackFideId "54113075"]
[EventDate "2024.06.02"]

1. c4 e5 2. Nc3 Nf6 3. e4 g6 4. g3 Bg7 5. Bg2 O-O 6. Nge2 d6 7. O-O Be6 8. d3 a5
9. f4 Qd7 10. Nd5 Nxd5 11. cxd5 Bg4 12. Qd2 Na6 13. Nc3 exf4 14. gxf4 f5 15. h3
Bh5 16. Ne2 Bxe2 17. Qxe2 Rae8 18. Be3 a4 19. Rac1 Qb5 20. Rc2 Nb4 21. Rxc7 fxe4
22. Rxg7+ Kxg7 23. Bd4+ Kg8 24. Bxe4 Nxd5 25. f5 Nf6 26. Qg2 Nxe4 27. dxe4 Qd3
28. Qf2 Rxe4 0-1

[Event "40th World Junior Girls"]
[Site "Gandhinagar IND"]
[Date "2024.06.06"]
[Round "5.13"]
[White "Kaldarova, Ayaulym"]
[Black "Shubhi Gupta"]
[Result "1-0"]
[WhiteTitle "WFM"]
[BlackTitle "WFM"]
[WhiteElo "2100"]
[BlackElo "1943"]
[WhiteFideId "13720503"]
[BlackFideId "25195425"]
[EventDate "2024.06.02"]

1. Nf3 d5 2. g3 Nc6 3. d4 Bf5 4. c4 e6 5. Bg2 Nb4 6. O-O Nc2 7. cxd5 Nxa1 8. e4
Bxe4 9. dxe6 f5 10. Nc3 Nf6 11. Nxe4 fxe4 12. Ng5 Qd5 13. Nxe4 Nxe4 14. Re1
O-O-O 15. Rxe4 Be7 16. b3 Qa5 17. Bb2 Qxa2 18. Bxa1 Rhf8 19. Re2 Qa5 20. d5 g6
21. Be5 Bd6 22. Bg7 Rfe8 23. Bf6 Be7 24. Be5 Qb6 25. Rc2 Bd6 26. Bf6 Be7 27. Be5
Bd6 28. Bd4 Qa5 29. Bf6 Be7 30. Be5 c6 31. Qc1 Bd6 32. b4 Qxb4 33. Rc4 Qb3 34.
Rxc6+ Kb8 35. Rxd6 Ka8 36. Rxd8+ Rxd8 37. e7 Re8 38. d6 Qb5 39. Qc7 1-0

[Event "40th World Junior Girls"]
[Site "Gandhinagar IND"]
[Date "2024.06.06"]
[Round "5.14"]
[White "Rzali, Sabina"]
[Black "Bhagyashree, Patil"]
[Result "1/2-1/2"]
[WhiteTitle "WCM"]
[BlackTitle "WFM"]
[WhiteElo "2073"]
[BlackElo "1929"]
[WhiteFideId "13410920"]
[BlackFideId "25053256"]
[EventDate "2024.06.02"]

1. e4 e5 2. Nf3 Nc6 3. Bb5 a6 4. Ba4 Nf6 5. O-O Be7 6. Re1 b5 7. Bb3 d6 8. c3
O-O 9. h3 Na5 10. Bc2 c5 11. d4 Nd7 12. d5 c4 13. b4 cxb3 14. axb3 Qc7 15. Bb2
Nb7 16. Nbd2 Nb6 17. b4 Bd7 18. Rc1 f5 19. exf5 Bxf5 20. Ne4 Nc4 21. Ba1 Bd8 22.
Ng3 Bxc2 23. Rxc2 Qf7 24. Qd3 Bb6 25. Bb2 a5 26. bxa5 Nc5 27. Qd1 Rxa5 28. Bc1
Ra1 29. Ng5 Qg6 30. N3e4 Nxe4 31. Nxe4 Rf4 32. Rce2 Qf7 33. Qc2 Rf5 34. Qd3 Ra8
35. Rf1 Rf8 36. Bd2 Qa7 37. Be1 h6 38. Kh2 Rf4 39. f3 R4f7 40. Bf2 Ra8 41. Rb1
Bxf2 42. Nxf2 Rb7 43. Qg6 Rf8 1/2-1/2

[Event "40th World Junior Girls"]
[Site "Gandhinagar IND"]
[Date "2024.06.06"]
[Round "5.15"]
[White "Arshiya Das"]
[Black "Donghvani, Nia"]
[Result "1/2-1/2"]
[WhiteTitle "WCM"]
[WhiteElo "1919"]
[BlackElo "2070"]
[WhiteFideId "25652150"]
[BlackFideId "13614649"]
[EventDate "2024.06.02"]

1. e4 c5 2. Nc3 d6 3. f4 Nc6 4. Nf3 g6 5. Bc4 Bg7 6. O-O e6 7. d3 Nge7 8. Bb3
O-O 9. Qe1 d5 10. e5 a6 11. a4 Bd7 12. Nd1 b5 13. c3 Na5 14. Bc2 bxa4 15. Be3
Qc7 16. Qf2 Nb7 17. Bxa4 Bxa4 18. Rxa4 Qc6 19. Qc2 h5 20. Nf2 Rfc8 21. Rfa1 Nd8
22. Nd1 Nf5 23. Bf2 Qb7 24. Qb1 Bf8 25. Qa2 Rc6 26. Nd2 Qc7 27. c4 d4 28. Ne4
Be7 29. Be1 Kg7 30. g3 Nb7 31. Ndf2 Rb6 32. Nd2 Qb8 33. Nfe4 Nd8 34. Qa3 Ne3 35.
Rc1 Rxb2 36. Rxa6 Rxa6 37. Qxa6 Rb6 38. Qa4 Nc6 39. Ra1 Nb4 40. Qa7 Qd8 41. Nf3
Nec2 42. Rd1 Ra6 43. Qb7 Rb6 44. Qa7 Ra6 45. Qb7 1/2-1/2

[Event "40th World Junior Girls"]
[Site "Gandhinagar IND"]
[Date "2024.06.06"]
[Round "5.16"]
[White "Kanishka S"]
[Black "Swara Lakshmi S Nair"]
[Result "0-1"]
[BlackTitle "WCM"]
[WhiteElo "1882"]
[BlackElo "2051"]
[WhiteFideId "25731564"]
[BlackFideId "25629239"]
[EventDate "2024.06.02"]

1. b4 d5 2. Bb2 Nf6 3. a3 Nbd7 4. Nf3 c5 5. e3 Qb6 6. b5 Qc7 7. c4 b6 8. cxd5
Bb7 9. Be2 Nxd5 10. Qb3 e6 11. O-O N5f6 12. d3 Bd6 13. Nbd2 O-O 14. e4 Ne5 15.
Nxe5 Bxe5 16. g3 Rad8 17. Nc4 Bxb2 18. Qxb2 Nd7 19. f4 f6 20. Rac1 e5 21. Bg4
Rfe8 22. Qf2 Nf8 23. fxe5 fxe5 24. Rcd1 Qe7 25. Nxe5 Qxe5 26. Qf7+ Kh8 27. Qxb7
Re7 28. Qd5 Qc7 29. Qh5 Kg8 30. Qg5 Qd6 31. Qe3 Ng6 32. Kg2 Ne5 33. Be2 Red7 34.
Rf5 g6 35. Rff1 Qd4 36. Qd2 c4 37. Qa2 Kg7 38. Qd2 cxd3 39. Bf3 Nc4 40. Qf4 Ne3+
41. Kh3 Rf7 42. Qg5 Nxd1 0-1

[Event "40th World Junior Girls"]
[Site "Gandhinagar IND"]
[Date "2024.06.06"]
[Round "5.17"]
[White "Anupam, M Sreekumar"]
[Black "Mrudul, Dehankar"]
[Result "0-1"]
[WhiteTitle "WCM"]
[BlackTitle "WIM"]
[WhiteElo "1872"]
[BlackElo "2028"]
[WhiteFideId "45033501"]
[BlackFideId "25096990"]
[EventDate "2024.06.02"]

1. e4 c6 2. d4 d5 3. Nc3 dxe4 4. Nxe4 Nf6 5. Nxf6+ exf6 6. c3 Bd6 7. Bd3 O-O 8.
Qc2 Re8+ 9. Ne2 h5 10. Be3 Nd7 11. O-O h4 12. h3 Nf8 13. Rad1 Be6 14. c4 Rc8 15.
Rfe1 Bb8 16. Bf4 Bd6 17. b3 Rc7 18. Bxd6 Qxd6 19. Nc3 Rce7 20. d5 cxd5 21. cxd5
Bd7 22. Rxe7 Qxe7 23. Bc4 Qe5 24. Qd2 Ng6 25. Qd4 Qg5 26. Bf1 Nf4 27. Kh1 b6 28.
Ne4 Qh5 29. Rc1 Qh6 30. Rc7 Bf5 31. Nd6 Re1 32. Nxf5 Rxf1+ 33. Kh2 Qg5 34. Rc8+
Kh7 35. Qe4 Rxf2 36. Nh6+ g6 37. Rh8+ Kg7 38. Rg8+ Kxh6 0-1

[Event "40th World Junior Girls"]
[Site "Gandhinagar IND"]
[Date "2024.06.06"]
[Round "5.18"]
[White "Gunawardhana, Devindya Oshini"]
[Black "Divyabharathi, Masanam"]
[Result "1-0"]
[WhiteTitle "WFM"]
[WhiteElo "1980"]
[BlackElo "1821"]
[WhiteFideId "29941482"]
[BlackFideId "45018421"]
[EventDate "2024.06.02"]

1. e4 c5 2. Nf3 Nc6 3. Bb5 g6 4. Bxc6 dxc6 5. d3 Bg7 6. h3 Nf6 7. Nc3 O-O 8. O-O
b6 9. Bf4 Re8 10. Qd2 Nh5 11. Bh2 Nf6 12. Ne5 Bb7 13. f4 b5 14. Rae1 a5 15. f5
Qd4+ 16. Kh1 c4 17. Nf3 Qd8 18. e5 Nd5 19. e6 f6 20. fxg6 hxg6 21. Nh4 Nxc3 22.
Qxc3 g5 23. Nf5 cxd3 24. cxd3 Qd5 25. Qd2 c5 26. Rf2 Kf8 27. Nxg7 Kxg7 28. Re5
Red8 29. Rxd5 Rxd5 30. Qe2 Rh8 31. Kg1 Bc8 32. Qe4 Bb7 33. Qe2 Bc8 34. Rf1 Bb7
35. Rc1 Rh4 36. Bg3 Rhd4 37. Qh5 Rxd3 38. Qf7+ Kh6 39. Qxe7 Rxg3 40. Qxf6+ Kh5
41. Qf7+ Kh6 42. Qxb7 Rd2 43. e7 Re2 44. Qc6+ 1-0

[Event "40th World Junior Girls"]
[Site "Gandhinagar IND"]
[Date "2024.06.06"]
[Round "5.19"]
[White "Yashvi Jain"]
[Black "Sherali Pattnaik"]
[Result "1-0"]
[WhiteElo "1729"]
[BlackElo "1955"]
[WhiteFideId "25984446"]
[BlackFideId "25789449"]
[EventDate "2024.06.02"]

1. d4 d5 2. Nf3 Nf6 3. Bf4 c5 4. c3 Nc6 5. e3 Qb6 6. Qc2 Nh5 7. Be5 f6 8. Bg3 e5
9. dxe5 Nxg3 10. hxg3 fxe5 11. Nbd2 e4 12. Ng5 Bf5 13. g4 Bg6 14. Ne6 Bf7 15.
Ng5 Bg8 16. a3 Be7 17. Nh3 c4 18. Nf4 Ne5 19. b3 Nd3+ 20. Bxd3 cxd3 21. Qd1 g5
22. Nh5 O-O-O 23. Ng7 Be6 24. c4 Bf6 25. Nxe6 Qxe6 26. cxd5 Qxd5 27. Rc1+ Kb8
28. Rc4 Rde8 29. Qc1 b5 30. Rc7 Qd6 31. Rc5 a6 32. a4 Qd7 33. axb5 Qxg4 34. O-O
a5 35. Rc6 Rc8 36. Qc5 Rxc6 37. bxc6 Bd8 38. Qe5+ Bc7 39. Qxh8+ Ka7 40. Qd4+ Kb8
41. Qh8+ Ka7 42. Qxh7 Kb8 43. Nxe4 Qe2 44. Qh8+ Ka7 45. Qd4+ Kb8 46. Qc4 g4 47.
Qa6 Bh2+ 48. Kxh2 g3+ 49. Nxg3 Qg4 50. Qb7# 1-0

[Event "40th World Junior Girls"]
[Site "Gandhinagar IND"]
[Date "2024.06.06"]
[Round "5.20"]
[White "Jain Ashita"]
[Black "Kanyamarala, Trisha"]
[Result "0-1"]
[BlackTitle "WIM"]
[WhiteElo "1744"]
[BlackElo "2219"]
[WhiteFideId "25181971"]
[BlackFideId "45004722"]
[EventDate "2024.06.02"]

1. d4 Nf6 2. c4 e6 3. Nf3 d5 4. g3 dxc4 5. Bg2 c6 6. O-O b5 7. Ne5 Bb7 8. a4 a6
9. Bg5 Be7 10. Bxf6 Bxf6 11. Nc3 O-O 12. axb5 axb5 13. Rxa8 Bxa8 14. Nxb5 cxb5
15. Bxa8 Qa5 16. Be4 Rd8 17. Qc2 g6 18. Rd1 Qc7 19. f4 Qb6 20. e3 Bg7 21. Bg2 f6
22. Ng4 Na6 23. Nf2 Rc8 24. Rc1 e5 25. Qe4 exd4 26. Qxd4 Qxd4 27. exd4 Nb4 28.
f5 gxf5 29. Bh3 Rd8 30. Rd1 Nc2 31. Bxf5 Nxd4 32. Kg2 Bf8 33. Ng4 Be7 34. Be4 f5
35. Nh6+ Kg7 36. Rxd4 fxe4 37. Rxd8 Bxd8 38. Nf5+ Kg6 39. Nd6 Bf6 40. Nxb5 Bxb2
41. Kf2 c3 42. Nd4 Kf6 43. Ke3 Ke5 44. Nc6+ Kd6 45. Nb4 Kc5 46. Nc2 Kd5 47. Nb4+
Ke5 48. Nc6+ Ke6 49. Nb4 Kf5 50. h3 Ba3 51. Nc2 Bc5+ 52. Ke2 Ke5 53. Ne1 Kd4 54.
Nc2+ Kc4 55. g4 Kb3 56. Kd1 Bf2 57. Na1+ Kb2 58. Nc2 Bh4 59. Nd4 h6 60. Nc2 Bf2
61. Nb4 Kb3 62. Nc2 Kb2 63. Nb4 Bc5 64. Nc2 Be7 65. Nd4 Bg5 66. Nc2 e3 67. h4
e2+ 68. Kxe2 Kxc2 69. hxg5 hxg5 0-1

[Event "40th World Junior Girls"]
[Site "Gandhinagar IND"]
[Date "2024.06.06"]
[Round "5.21"]
[White "Anishka, Vikram"]
[Black "Brito Carrascal, Isabela"]
[Result "1-0"]
[WhiteTitle "WCM"]
[WhiteElo "2048"]
[BlackElo "1810"]
[WhiteFideId "45013314"]
[BlackFideId "4456122"]
[EventDate "2024.06.02"]

1. d4 Nf6 2. c4 e6 3. Nc3 Bb4 4. e3 O-O 5. Nf3 d5 6. Bd3 dxc4 7. Bxc4 c5 8. O-O
b6 9. a3 Bxc3 10. bxc3 Qc7 11. Qe2 Bb7 12. Bd3 Nbd7 13. e4 cxd4 14. cxd4 e5 15.
dxe5 Nxe5 16. Nxe5 Qxe5 17. Bb2 Qe6 18. f3 Rfd8 19. Rad1 Qe7 20. Kh1 Nd7 21. Qf2
Rac8 22. Bb1 Ba6 23. Rfe1 Nc5 24. Qg3 f6 25. Rxd8+ Rxd8 26. e5 fxe5 27. Bxe5 Qd7
28. h3 Bd3 29. Rd1 Qe7 30. Ba2+ Kh8 31. Re1 Qd7 32. Qg5 Rf8 33. Bb2 Rf5 34. Re8+ 1-0

[Event "40th World Junior Girls"]
[Site "Gandhinagar IND"]
[Date "2024.06.06"]
[Round "5.22"]
[White "Koksa, Jelena"]
[Black "Nagyova, Daniela"]
[Result "1/2-1/2"]
[WhiteElo "1842"]
[BlackElo "1958"]
[WhiteFideId "14544776"]
[BlackFideId "390070"]
[EventDate "2024.06.02"]

1. e4 e5 2. Nf3 Nc6 3. Bc4 Nf6 4. d4 exd4 5. O-O Nxe4 6. Re1 d5 7. Bxd5 Qxd5 8.
Nc3 Qh5 9. Nxe4 Be6 10. Bg5 h6 11. Bf6 Qg6 12. Nh4 Qh7 13. Qh5 Kd7 14. Rad1 Re8
15. Bxd4 Kc8 16. Bc3 Be7 17. Nf3 f5 18. Ned2 Bd6 19. Nd4 g6 20. Qh3 Nxd4 21.
Bxd4 Rhf8 22. c4 Qd7 23. Qc3 Qc6 24. b4 Bf4 25. c5 Bd5 26. Nf3 Be4 27. a4 g5 28.
b5 Qg6 29. b6 a6 30. bxc7 Bxc7 31. Ne5 Bxe5 32. Bxe5 Qc6 33. Bd6 Rg8 34. f3 Bd5
35. Qf6 Bb3 36. Qxf5+ Qd7 37. Qxd7+ Kxd7 38. Rb1 Bd5 39. Kf2 Bc6 40. a5 Bb5 41.
Rxe8 Rxe8 42. Re1 Rxe1 43. Kxe1 h5 44. Kf2 Ke6 45. Bc7 Kf5 46. Ke3 Bf1 47. Kf2
Bb5 48. Ke3 Bf1 49. Kf2 Bb5 1/2-1/2

[Event "40th World Junior Girls"]
[Site "Gandhinagar IND"]
[Date "2024.06.06"]
[Round "5.23"]
[White "Saparya Ghosh"]
[Black "Khairmode Dhanashree"]
[Result "1-0"]
[WhiteElo "1833"]
[BlackElo "1929"]
[WhiteFideId "25771280"]
[BlackFideId "25762184"]
[EventDate "2024.06.02"]

1. Nf3 Nf6 2. b3 d6 3. d4 Nbd7 4. Bb2 g6 5. g3 Bg7 6. Bg2 O-O 7. O-O Qe8 8. c4
e5 9. dxe5 dxe5 10. Nc3 Qe7 11. Nb5 e4 12. Nfd4 c6 13. Ba3 Nc5 14. Nc3 Qe5 15.
e3 Re8 16. Qc2 Bg4 17. Bxc5 Qxc5 18. Nxe4 Nxe4 19. Bxe4 Bxd4 20. exd4 Qxd4 21.
Rae1 Re5 22. Bg2 Rae8 23. Rxe5 Rxe5 24. h3 Re2 25. Qd1 Qxd1 26. Rxd1 Be6 27.
Rd8+ Kg7 28. Rb8 b6 29. Bxc6 Rxa2 30. Rb7 Ra3 31. Bd5 Kf6 32. b4 Ra4 33. b5 Bxd5
34. cxd5 Ra5 35. d6 Rxb5 36. Rxa7 Rd5 37. d7 Ke7 38. Rb7 Rd1+ 39. Kg2 Rb1 40.
d8=Q+ Kxd8 41. Rxf7 b5 42. Rxh7 Rc1 43. Rb7 Rc5 44. h4 Ke8 45. g4 Kf8 46. Kg3
Kg8 47. Kf4 Kh8 48. f3 Kg8 49. Ke4 Rc4+ 50. Ke5 b4 51. Kf6 Rc6+ 52. Kg5 Kh8 53.
Rxb4 Kg7 54. Rb7+ Kh8 55. Kh6 Rc8 56. Kxg6 Rg8+ 57. Kh6 Rf8 58. f4 Kg8 59. f5
Kh8 60. g5 Rc8 61. f6 Kg8 62. Kg6 Kh8 63. Rh7+ Kg8 64. f7+ Kf8 65. Rh8+ 1-0

[Event "40th World Junior Girls"]
[Site "Gandhinagar IND"]
[Date "2024.06.06"]
[Round "5.24"]
[White "Ishvi, Aggarwal"]
[Black "Bhat Sannidhi Ramakrishna"]
[Result "1-0"]
[WhiteTitle "WCM"]
[WhiteElo "1928"]
[BlackElo "1842"]
[WhiteFideId "25728890"]
[BlackFideId "25792695"]
[EventDate "2024.06.02"]

1. d4 Nc6 2. d5 Nb8 3. c4 d6 4. g3 g6 5. Bg2 Bg7 6. Nf3 Nf6 7. Nc3 O-O 8. O-O
Nbd7 9. e4 Re8 10. Re1 e6 11. dxe6 Rxe6 12. Nd4 Re8 13. b3 Nc5 14. Bb2 Bg4 15.
f3 Bd7 16. b4 Ne6 17. Nc2 h5 18. f4 h4 19. f5 Nf8 20. gxh4 gxf5 21. exf5 Bxf5
22. Nd4 Bg4 23. Qd2 c5 24. Rxe8 Nxe8 25. Nde2 cxb4 26. Nd5 Qxh4 27. Ng3 Be6 28.
Rf1 Nd7 29. Rf4 Qh8 30. Ne7+ Kf8 31. Ng6+ Kg8 32. Nxh8 Bxh8 33. Bxh8 Kxh8 34.
Rh4+ Kg8 35. Qg5+ Ng7 36. Nh5 1-0

[Event "40th World Junior Girls"]
[Site "Gandhinagar IND"]
[Date "2024.06.06"]
[Round "5.25"]
[White "Saniya Rafique Tadavi"]
[Black "Dakshita Kumawat"]
[Result "0-1"]
[WhiteElo "1754"]
[BlackElo "1928"]
[WhiteFideId "25912461"]
[BlackFideId "25944304"]
[EventDate "2024.06.02"]

1. e4 e6 2. d4 d5 3. Nc3 Nf6 4. e5 Nfd7 5. f4 c5 6. Nf3 Nc6 7. Be3 a6 8. Qd2 b5
9. dxc5 Bxc5 10. O-O-O Qb6 11. Bxc5 Nxc5 12. Bd3 b4 13. Ne2 Bd7 14. h4 b3 15.
cxb3 Nxd3+ 16. Qxd3 Nb4 17. Qd4 Nxa2+ 18. Kc2 Nb4+ 19. Kd2 Qb7 20. Qe3 a5 21.
Nfd4 a4 22. bxa4 Bxa4 23. Ra1 O-O 24. Nc3 Bd7 25. b3 Na6 26. Ra5 Rac8 27. Rb1
Qb6 28. Ra2 Nb4 29. Rab2 Qa5 30. Kd1 Rc7 31. Qd2 Qa6 32. Nce2 Rb8 33. g4 Bb5 34.
Nc1 Qb6 35. Nf3 Rbc8 36. Qd4 Qa5 37. Ne2 Bd3 38. f5 Bxb1 39. Rxb1 Rc2 40. Ra1
Na2 41. Qd3 Rb2 42. fxe6 Nc3+ 0-1

[Event "40th World Junior Girls"]
[Site "Gandhinagar IND"]
[Date "2024.06.06"]
[Round "5.26"]
[White "Arya G Mallar"]
[Black "Singgih, Diajeng Theresa"]
[Result "1-0"]
[BlackTitle "WIM"]
[WhiteElo "1725"]
[BlackElo "1918"]
[WhiteFideId "25115324"]
[BlackFideId "7104391"]
[EventDate "2024.06.02"]

1. c4 g6 2. Nc3 Bg7 3. g3 e5 4. Bg2 Ne7 5. d3 O-O 6. Nf3 d5 7. cxd5 Nxd5 8. Nxd5
Qxd5 9. O-O Qd8 10. Bg5 f6 11. Qb3+ Kh8 12. Be3 c6 13. Rfc1 Re8 14. Nd2 Qc7 15.
Nc4 Be6 16. Qa3 Nd7 17. Nd6 Rg8 18. Nxb7 Qxb7 19. Bxc6 Qb8 20. Bxa8 Qxa8 21.
Qxa7 Qd5 22. Qc7 Bh3 23. Qc6 Qf7 24. Qb7 f5 25. Rc8 Bf8 26. Rac1 g5 27. Bd2 f4
28. Bb4 Bxb4 29. Rxg8+ Kxg8 30. Qxb4 Be6 31. a4 f3 32. exf3 Bd5 33. Qg4 h6 34.
Rc7 Be6 35. Qe4 Bd5 36. Qe3 Kf8 37. a5 Ke8 38. a6 Kd8 39. Rc3 Bxf3 40. d4 Ba8
41. dxe5 Qd5 42. f3 Nxe5 43. Qb6+ Ke8 44. Rc8+ Kf7 45. Rc7+ Nd7 46. Qe3 Qd6 47.
Rc8 Bd5 48. a7 Qa6 49. Qe8+ Kf6 50. Qxd7 Qa1+ 51. Kg2 Qxb2+ 52. Kh3 Qe2 53. Rf8+
Kg6 54. Qe8+ Qxe8 55. Rxe8 Bxf3 56. a8=Q Bxa8 57. Rxa8 Kh5 58. g4+ Kg6 59. Ra6+
Kg7 60. Kg3 1-0

[Event "40th World Junior Girls"]
[Site "Gandhinagar IND"]
[Date "2024.06.06"]
[Round "5.27"]
[White "Drishtee Ghosh"]
[Black "Marium, Fatima"]
[Result "1/2-1/2"]
[WhiteElo "1700"]
[BlackElo "1905"]
[WhiteFideId "25164074"]
[BlackFideId "45073058"]
[EventDate "2024.06.02"]

1. e4 e6 2. d4 d5 3. Nc3 Nf6 4. e5 Nfd7 5. f4 c5 6. Nf3 Nc6 7. Be3 a6 8. Qd2 b5
9. dxc5 Bxc5 10. Bd3 f6 11. exf6 Qxf6 12. O-O-O O-O 13. Kb1 Bb7 14. Ng5 g6 15.
Be2 Bxe3 16. Qxe3 Rfe8 17. Qh3 Nf8 18. Qe3 Qg7 19. Qd2 Na5 20. Rhe1 Nc4 21. Bxc4
bxc4 22. g4 Rad8 23. Nf3 Bc6 24. Ne5 Qb7 25. Ne2 Rb8 26. Qc3 Nd7 27. Nd4 Bb5 28.
f5 exf5 29. Nxd7 Bxd7 30. Rxe8+ Bxe8 31. Ne6 Qe7 32. gxf5 Rb6 33. Nf4 Rd6 34.
fxg6 hxg6 35. Re1 Qf8 36. Ne6 Qf7 37. Ng5 Qd7 38. Qe5 Bf7 39. a3 Rb6 40. Rf1 Be8
41. Nh7 Kxh7 42. Rf8 Qg7 43. Rxe8 Qxe5 44. Rxe5 Rd6 45. Kc1 Kg7 46. h4 Kf6 47.
Rg5 Rd8 48. Kd2 Rh8 49. Rg4 Kf5 50. Rg5+ Kf6 1/2-1/2

[Event "40th World Junior Girls"]
[Site "Gandhinagar IND"]
[Date "2024.06.06"]
[Round "5.28"]
[White "Bristy, Mukherjee"]
[Black "Anushka Gupta"]
[Result "1-0"]
[WhiteTitle "WFM"]
[WhiteElo "1902"]
[BlackElo "1766"]
[WhiteFideId "25077325"]
[BlackFideId "25660802"]
[EventDate "2024.06.02"]

1. e4 c5 2. Nf3 d6 3. d4 cxd4 4. Nxd4 Nf6 5. Nc3 a6 6. h3 e5 7. Nf3 Be7 8. g4 h6
9. Rg1 Be6 10. g5 hxg5 11. Nxg5 Rg8 12. Nxe6 fxe6 13. Bc4 Qd7 14. Be3 Nc6 15. a3
b5 16. Ba2 Rc8 17. Qd3 Na5 18. O-O-O Nc4 19. Bg5 Rc6 20. f4 exf4 21. Bxf4 Qc7
22. Bxc4 bxc4 23. Qg3 g5 24. Be3 Qa5 25. Qf3 Rc8 26. Bd4 Rf8 27. Qe2 Nd7 28.
Qh5+ Kd8 29. Qg6 Bf6 30. Bxf6+ Rxf6 31. Qxg5 Qxg5+ 32. Rxg5 Kc7 33. Rg7 Kc6 34.
e5 Nxe5 35. Ne4 Rf7 36. Rxd6+ Kc7 37. Rxf7+ Nxf7 38. Rxe6 Kd7 39. Rxa6 Rh8 40.
Nf2 Ne5 41. Kd2 Rf8 42. Ng4 Nc6 43. Ra4 Rf3 44. Rxc4 Rxh3 45. a4 Kd6 46. b4 Kd5
47. Rc5+ Kd6 48. c3 Rh4 49. Rg5 Ne7 50. Ne3 Rh1 51. Nf5+ Nxf5 52. Rxf5 Ra1 53.
a5 Kc6 54. Kd3 Rg1 55. b5+ Kd6 56. Kc4 Rg4+ 57. Kb3 Rg1 58. Kb4 Rg4+ 59. c4 Rg1
60. Rf6+ Kc7 61. b6+ Kb7 62. Rf7+ Kc6 63. Rc7+ Kd6 64. c5+ Kd5 65. Rd7+ Kc6 66.
Rd6+ Kb7 67. Rd7+ Kc6 68. Rc7+ Kd5 69. Kb5 1-0

[Event "40th World Junior Girls"]
[Site "Gandhinagar IND"]
[Date "2024.06.06"]
[Round "5.29"]
[White "Gade Sharanya"]
[Black "Aswinika Mani R"]
[Result "1-0"]
[WhiteElo "1849"]
[BlackElo "1751"]
[WhiteFideId "25925253"]
[BlackFideId "25611518"]
[EventDate "2024.06.02"]

1. d4 d5 2. c4 c6 3. Nc3 Nf6 4. Nf3 e6 5. e3 Nbd7 6. Qc2 Bd6 7. Bd3 dxc4 8. Bxc4
b5 9. Bd3 Bb7 10. Ng5 Nd5 11. Nge4 Bc7 12. Nxd5 cxd5 13. Nc5 Nxc5 14. dxc5 Bc6
15. O-O d4 16. Rd1 Qd5 17. f4 e5 18. exd4 Qxd4+ 19. Kf1 e4 20. Qe2 O-O-O 21. Bc2
Qf6 22. Rb1 Rxd1+ 23. Bxd1 Bxf4 24. Qg4+ Kb7 25. Qxf4 Qd4 26. Be2 g5 27. Qxf7+
Ka8 28. Bxg5 Qxc5 29. Rc1 Qxg5 30. Rxc6 Qd8 31. Rf6 Qd4 32. Qe6 Rd8 33. Qc6+ Kb8
34. Qxb5+ Ka8 35. Qc6+ Kb8 36. Rf5 a6 37. Rf7 1-0

[Event "40th World Junior Girls"]
[Site "Gandhinagar IND"]
[Date "2024.06.06"]
[Round "5.30"]
[White "Advika Sarupria"]
[Black "Shivamshika G"]
[Result "1/2-1/2"]
[WhiteElo "1587"]
[BlackElo "1846"]
[WhiteFideId "25968858"]
[BlackFideId "33384959"]
[EventDate "2024.06.02"]

1. d4 d5 2. c4 c6 3. Nf3 Nf6 4. cxd5 cxd5 5. Bf4 Nc6 6. e3 Bf5 7. Nc3 e6 8. Bb5
Be7 9. O-O O-O 10. Rc1 Rc8 11. Qe2 Na5 12. Ne5 a6 13. Bd3 Bxd3 14. Qxd3 b5 15.
b3 Ba3 16. Rc2 Nd7 17. Nb1 Be7 18. Rfc1 Nxe5 19. Bxe5 Qd7 20. Rc7 f6 21. Bg3 e5
22. Rxd7 Rxc1+ 23. Qf1 Rfc8 24. Rxe7 Rxf1+ 25. Kxf1 Rc1+ 26. Ke2 Rxb1 27. dxe5
Nc6 28. Re6 Nxe5 29. Bxe5 fxe5 30. Rxa6 e4 31. Ra5 Rb2+ 32. Ke1 Rb1+ 33. Ke2
Rb2+ 1/2-1/2

[Event "40th World Junior Girls"]
[Site "Gandhinagar IND"]
[Date "2024.06.06"]
[Round "5.31"]
[White "Akshaya Sathi"]
[Black "Sulyok, Eszter"]
[Result "1/2-1/2"]
[WhiteElo "1833"]
[BlackElo "2100"]
[WhiteFideId "25130340"]
[BlackFideId "769762"]
[EventDate "2024.06.02"]

1. e4 c5 2. Nf3 e6 3. d4 cxd4 4. Nxd4 a6 5. Nc3 b5 6. Bd3 Bb7 7. O-O Nc6 8. Be3
Qc7 9. a3 Nf6 10. Qe2 Be7 11. f4 d6 12. Rae1 O-O 13. Kh1 Rfe8 14. Qf3 Rad8 15.
Nce2 Nxd4 16. Nxd4 Bf8 17. Bd2 d5 18. e5 Ne4 19. Qh3 g6 20. Nf3 Nxd2 21. Nxd2
Bg7 22. Re3 Qb6 23. Rg3 d4 24. Be4 Re7 25. Qh4 Red7 26. Rh3 h6 27. Re1 Re8 28.
Re2 Qd8 29. Qe1 Bxe4 30. Nxe4 d3 31. cxd3 Rxd3 32. Nd6 Rxh3 33. Nxe8 Rd3 34. Nd6
Qb6 35. Rd2 Qd4 36. Rxd3 Qxd3 37. Ne4 Qd4 38. Qe2 Bf8 39. h3 Bc5 40. Nxc5 Qxc5
41. Qd2 Kg7 42. Kh2 Qc4 43. Kg1 a5 44. Kf2 b4 45. axb4 axb4 46. Ke3 Qb3+ 47. Kf2
h5 48. h4 Kh7 49. Ke1 Qg3+ 50. Qf2 Qd3 51. Qe2 Qd4 52. Qf2 Qe4+ 53. Kd2 Qc4 54.
Kd1 b3 55. Qd2 Kg7 56. Qe3 1/2-1/2

[Event "40th World Junior Girls"]
[Site "Gandhinagar IND"]
[Date "2024.06.06"]
[Round "5.32"]
[White "Peglau, Charis"]
[Black "Kirthika, B"]
[Result "1-0"]
[WhiteTitle "WFM"]
[WhiteElo "2088"]
[BlackElo "1724"]
[WhiteFideId "16219996"]
[BlackFideId "25981323"]
[EventDate "2024.06.02"]

1. d4 Nf6 2. Nf3 g6 3. Bg5 Bg7 4. Nbd2 O-O 5. e4 d5 6. Bxf6 exf6 7. exd5 Qxd5 8.
Be2 f5 9. c3 c5 10. Nb3 cxd4 11. Nbxd4 a6 12. O-O Nc6 13. Nxc6 Qxc6 14. Qd2 Qc5
15. Rfd1 Be6 16. Ng5 Bc4 17. Bxc4 Qxc4 18. Qd5 Qc7 19. Qb3 h6 20. Nf3 Rad8 21.
h3 Bf6 22. Ne1 Rfe8 23. Rxd8 Rxd8 24. Rd1 Re8 25. Nc2 Kg7 26. Ne3 Qc6 27. Nd5
Rd8 28. Nxf6 Rxd1+ 29. Qxd1 Kxf6 30. Qd4+ Ke6 31. f3 h5 32. Kf2 b6 33. c4 a5 34.
b3 Qc5 35. Qxc5 bxc5 36. f4 h4 37. a3 f6 38. Ke3 Kd6 39. Kd3 g5 40. Kc3 gxf4 41.
b4 f3 42. gxf3 f4 43. bxc5+ Kc6 44. Kd4 a4 45. Kc3 Kxc5 46. Kd3 Kd6 47. Kd4 f5
48. c5+ Ke6 49. Kc4 Ke5 50. Kb4 Kd5 51. Kb5 1-0